Statistics for Sabaton Lyrics

Click here to take the quiz!

General Stats

  • This quiz has been taken 767 times
  • The average score is 10 of 19

Answer Stats

HintAnswer% Correct
to the gates of ____hell
97%
_____ ________!Primo Victoria
90%
through the ____ _____!nazi lines
87%
as we ____ ___ ___ to heavenmake our way
85%
I was chosen by ______heaven
79%
say my name when you ____pray
79%
to the sky, see _______ ____Carolus rise
73%
for the ____ __ ___ ____home of the holy
53%
gave their lives so ______boldly
49%
for the _____ for the might of ___ ____grace, our lord
47%
fly over _______ landforeign
34%
for the _____ for the way of the _____faith, sword
29%
the sound of the _______mortars
29%
the _____ of deathmusic
29%
______ ______ in exilefighter pilots
26%
Tell _____ _____ againtheir story
25%
we're playing the ______ ________devil's symphony
23%
our _______ are guns, _________ from hellviolins, conducted
17%
Tell of ___301
13%

Score Distribution

Percentile by Number Answered

Percent of People with Each Score

Your Score History

You have not taken this quiz